Welcome to the Holygrace Academy Library

Please use search bar below to get started

TOP VISIONARIES WHO CHANGED THE WORLD (Record no. 5571)

MARC details
000 -LEADER
fixed length control field 00298nam a22001217a 4500
082 ## - DEWEY DECIMAL CLASSIFICATION NUMBER
Classification number 001
Item number ILI/T
100 ## - MAIN ENTRY--AUTHOR NAME
Personal name ILIAN,GEORGE
245 ## - TITLE STATEMENT
Title TOP VISIONARIES WHO CHANGED THE WORLD
260 ## - PUBLICATION, DISTRIBUTION, ETC. (IMPRINT)
Place of publication STAMFORD
Name of publisher JAICO PUBLISHING
300 ## - PHYSICAL DESCRIPTION
Number of Pages 154
650 ## - SUBJECT ADDED ENTRY--TOPICAL TERM
Topical Term LIFE AND BUSINESS LESSONS
Geographic subdivision STAMFORD
942 ## - ADDED ENTRY ELEMENTS (KOHA)
Koha item type Books
Holdings
Withdrawn status Lost status Collection code Home library Current library Shelving location Date acquired Source of acquisition Full call number Accession Number Koha item type
    Reference Main Library Main Library SHELF-17-I-BIOGRAPHIES & AUTOBIOGRAPHIES 08/02/2022 PURCHASE 001 ILI/T 12461 Books